Memorias de la primera promoción del Diplomado Superior en Derechos Humanos y Democracia / [Marco Navas Alvear ... et al.].
Saved in:
| Other Authors: | |
|---|---|
| Format: | Book |
| Language: | Spanish |
| Published: |
Quito :
Librería Jurídica Cevallos,
2003.
|
| Edition: | 1. ed. |
| Subjects: | |
| Tags: |
Add Tag
No Tags, Be the first to tag this record!
|
| LEADER | 00939cam a2200253Ma 4500 | ||
|---|---|---|---|
| 001 | 009508169-0 | ||
| 005 | 20080520130357.0 | ||
| 008 | 040513s2003 ec b 000 0 spa d | ||
| 035 | 0 | |a ocm62136330 | |
| 040 | |a YUS |c YUS | ||
| 050 | 4 | |a JC571 |b .M42 2003 | |
| 245 | 0 | 0 | |a Memorias de la primera promoción del Diplomado Superior en Derechos Humanos y Democracia / [Marco Navas Alvear ... et al.]. |
| 246 | 3 | 0 | |a Diplomado Superior en Derechos Humanos y Democracia |
| 250 | |a 1. ed. | ||
| 260 | |a Quito : |b Librería Jurídica Cevallos, |c 2003. | ||
| 300 | |a 109 p. ; |c 21 cm. | ||
| 500 | |a "Ha organizado la Pontificia Universidad Católica del Ecuador a través de sus facultades de Ciencias Humanas y de Jurisprudencia"--P. 9. | ||
| 504 | |a Includes bibliographical references. | ||
| 650 | 0 | |a Human rights. | |
| 650 | 0 | |a Human rights |x Study and teaching |z Ecuador. | |
| 700 | 1 | |a Navas, Marco. | |
| 988 | |a 20041129 | ||
| 049 | |a HLSS | ||
| 906 | |0 OCLC | ||


